banner-ar

المكان : دراسة فى تاريخ تطور خشبة المسرح / (Record no. 40721)

MARC details
000 -الفاتح
حقل البيانات ثابتة الطول 00575nam a2200181Ia 4500
008 - عناصر البيانات ثابتة الطول - معلومات عامة
حقل البيانات ثابتة الطول 140319s9999 xx 000 0 ara d
040 ## - مصدر الفهرسة
وكالة الفهرسة الأصلية GCL /
وكالة النسخ GCL
082 04 - رقم تصنيف ديوى العشرى
رقم التصنيف 792.09
رقم المادة ش م
100 1# - المدخل الرئيسى - إسم شخصى
الإسم الشخصى شكرى عبدالوهاب
245 10 - بيان العنوان
العنوان المكان : دراسة فى تاريخ تطور خشبة المسرح /
بيان المسئوليه,etc شكرى عبدالوهاب
300 ## - الوصف المادى
التعداد 245 ص
490 ## - بيان السلسلة
عنوان السلسلة الموسوعة المسرحية الكتاب الاول
رقم المجلد/ التعيين التسلسلي 0
650 04 - المدخل الاضافى بالموضوع-مصطلح موضوعى
مصطلح موضوعي العمارة
650 04 - المدخل الاضافى بالموضوع-مصطلح موضوعى
مصطلح موضوعي المسارح
650 04 - المدخل الاضافى بالموضوع-مصطلح موضوعى
مصطلح موضوعي المسرح - تاريخ
942 ## - عناصر المدخل الإضافي( كوها)
مصدر التصنيف او مخطط الترفيف Dewey Decimal Classification
Koha [default] item type كتاب
Holdings
حالة التراجع حالة الفقد حالة تلف ليس للاعارة المكان المؤقت الموقع الحالى تاريخ الاكتساب اجمالي اﻻعارات رقم الطلب الباركود تاريخ اخر مشاهدة تاريخ تفعيل السعر نوع وعاء كوها
        مكتبة القاهرة الكبرى مكتبة القاهرة الكبرى 03/26/2014   792.09\ش م 98399 03/26/2014 03/26/2014 كتاب

Powered By

EGPV